01837nam a2200373 a 4500001001000000003000900010005001700019008004100036020001500077040002500092049000900117082002000126100003900146245010400185260003600289300003700325490001800362500007100380504003300451590008800484650006600572650006700638650007300705650006400778650006300842651005800905710006900963830002501032942001401057952013301071952011801204952012401322999001701446000021804DO-SdBNP20251106113413.0100913s2000 dr ab 000 0 spa d a9993401196 aDO-SdBNPbspacBNPHU aBNPD a972.9373bD542h aDíaz Melo, Ismael,d1962-93337010aHistoria de los asentamiento humanos y la arquitectura en el Valle de Baní /cIsmael Díaz Melo. aSanto Domingo :bBúho,c2000. a198 p. :bil. ; retrs. ;c22 cm.1 aProvinciasv5 aIncluye datos biográficos del autor en la solapa de la cubierta. aBibliografías : p. 191-195 aPrimer premio en el concurso nacional sobre historia y desarrollo de las provincias 4aAsentamientos humanoszBaní (República Dominicana)945289 4aArquitecturaxAspectos socialeszRepública Dominicana945290 0aIndustria azucareraxHistoriazBaní (República Dominicana)97298 4aUrbanismoxHistoriazBaní (República Dominicana)945292 4aCiudades y puebloszBaní (República Dominicana)945293 4aBaní (República Dominicana)xHistoria Local963392 aComisión Presidencial de Apoyo al Desarrollo Provincial945294 0aProvinciasn5945295 2ddccLBS1 001054708DSaGRbGRcCTd2010-09-13iLF1l0o972.9373 D542hp21804-30r2020-06-25te. 3w2020-06-25yLFDSZPréstamo en sala 0010718PDaPDbPDcCTd2010-09-13iLF1l0o972.9373 D542hp21804-10r2020-06-25w2020-06-25yLFPDZNo se presta 0010718PDaPDbPDcCTd2010-09-13iLF1l0o972.9373 D542hp21804-20r2020-06-25te. 2w2020-06-25yLFPDZNo se presta c21302d21302